| 000 | 00622nam a2200229Ia 4500 | ||
|---|---|---|---|
| 003 | OSt | ||
| 005 | 20220924152123.0 | ||
| 006 | a|||||r|||| 00| 0 | ||
| 007 | ta | ||
| 008 | 220923b |||||||| |||| 00| 0 mar d | ||
| 024 | _a341010 | ||
| 037 | _cTextual | ||
| 040 |
_aARTS _cARTS _bmar |
||
| 041 |
_2mar _amar |
||
| 082 | _aO155,3M94,27, J7 | ||
| 100 |
_aFadke Narayan Sitaram _9225870 |
||
| 245 | 0 |
_aIshara _b swatantra samajik kadambari |
|
| 260 | _c1957 | ||
| 650 |
_aMARATHI LITERATURE _938000 |
||
| 942 |
_hO155,3M94,27, J7 _cTEXL _2CC |
||
| 999 |
_c468783 _d468783 |
||